Neighbours 30th Anniversary Characters Quiz Stats

 Plays Quiz not verified by Sporcle

Score 0/25 Timer 08:00
1 Play Today
% Correct
Paul Robinson
95.1%
Susan Kennedy
94.8%
Karl Kennedy
94.6%
Toadie Rebecchi
92%
Lou Carpenter
91.4%
Sonya Rebecchi
88%
Brad Willis
87.1%
Mark Brennan
84%
Kyle Canning
81.1%
Imogen Willis
80.2%
Daniel Robinson
79.1%
Terese Willis
78.8%
Josh Willis
78.2%
% Correct
Paige Smith
77.7%
Amber Turner
77.4%
Sheila Canning
76.2%
Nate Kinski
72.2%
Lauren Turner
68.2%
Matt Turner
67%
Tyler Brennan
64.5%
Bailey Turner
62.8%
Naomi Canning
60.5%
Bossy
56.7%
Georgia Brooks
55.6%
Chris Pappas
49.6%

You're not logged in!

Compare scores with friends on all Sporcle quizzes.
OR
Log In

Sporcle TV

Today on Sporcle TV


Watch our educational content, quiz creation guides, and fun videos on Sporcle TV.

Show Comments

Extras

Top Quizzes Today


Score Distribution

Your Account Isn't Verified!

In order to create a playlist on Sporcle, you need to verify the email address you used during registration. Go to your Sporcle Settings to finish the process.

Report this User

Report this user for behavior that violates our Community Guidelines.

Details: